000 00490nam a2200181Ia 4500
999 _c29081
_d29081
003 OSt
005 20201110143428.0
008 190216s9999||||xx |||||||||||||| ||und||
020 _a9788171305391
040 _coclc
082 _a894.8123
_bTHO/N
100 _aThomas, Sara
_96408
245 0 _aNarmadippudava /
_cSara Thomas
260 _bDc Books,
_aKottayam:
_c2007.
300 _a194p
650 _aNovel
942 _cBK
_2ddc
_h894.8123
_iTHO/N
_k894.8123
_mTHO/N